La vida moral y la reflexión ética
Guardat en:
| Autor principal: | |
|---|---|
| Format: | Llibre |
| Idioma: | espanyol |
| Publicat: |
Madrid
McGraw-Hill
1995
|
| Matèries: | |
| Etiquetes: |
Afegir etiqueta
Sense etiquetes, Sigues el primer a etiquetar aquest registre!
|
MARC
| LEADER | 00000nam a2200000 a 4500 | ||
|---|---|---|---|
| 001 | UCU1853 | ||
| 003 | CL-VaPUC | ||
| 008 | 960412e19950000SP |||||||||||||||||spa|d | ||
| 082 | 0 | 4 | |a 170 |b ABA |2 21 |
| 100 | 0 | |a Abad Pascual, Juan José |e author |9 357639 | |
| 245 | 1 | 3 | |a La vida moral y la reflexión ética |
| 300 | |a 275 p | ||
| 942 | |c BK | ||
| 945 | |d 19960412 00:00:00 |a aalvarez | ||
| 260 | |a Madrid |b McGraw-Hill |c 1995 | ||
| 650 | 0 | |a Moral |9 265913 | |
| 650 | 0 | |a Ética |9 255099 | |
| 583 | |a last modification |c 19960412 00:00:00 |k Rodrigo Vera | ||
| 999 | |c 246327 |d 246325 | ||
| 952 | |0 0 |1 0 |4 0 |6 170_000000000000000_ABA_1995 |7 0 |8 A |9 261211 |a BIBTEO |b BIBTEO |d 2019-11-19 |i 3179117 |o 170 ABA 1995 |p 3179117 |r 2025-01-17 |w 2019-11-19 |y BK |k ICR | ||
| 952 | |0 0 |1 0 |4 0 |6 170_000000000000000_ABA_1995 |7 0 |8 A |9 261214 |a BIBTEO |b BIBTEO |d 2019-11-19 |i 350509K |o 170 ABA 1995 |p 350509K |r 2025-01-17 |w 2019-11-19 |y BK |k ICR | ||
| 952 | |0 0 |1 2 |4 0 |6 170_000000000000000_ABA_1995 |7 0 |8 A |9 261215 |a BIBTEO |b BIBTEO |d 2019-11-19 |i 3505103 |o 170 ABA 1995 |p 3505103 |r 2019-11-19 |w 2019-11-19 |x Descarte 2019 |y BK |k ICR | ||
| 952 | |0 0 |1 0 |4 0 |6 170_000000000000000_ABA_1995 |7 0 |8 A |9 261216 |a BIBTEO |b BIBTEO |d 2019-11-19 |i 383025K |o 170 ABA 1995 |p 383025K |r 2025-01-17 |w 2019-11-19 |y BK |k ICR | ||